[Event "GRE-ch U18 Girls"]
[Site "Larisa"]
[Date "2023.01.05"]
[Round "5"]
[White "Athanasiou, Soumela"]
[Black "Tzovani, Dimitra"]
[Result "1-0"]
[WhiteElo "1527"]
[BlackElo "1332"]
[PlyCount "85"]
[EventDate "2023.01.02"]
[EventType "swiss"]
[EventRounds "9"]
[EventCountry "GRE"]
[SourceTitle "CBM 212 Extra"]
[Source "ChessBase"]
[SourceDate "2023.03.31"]
[SourceVersion "1"]
[SourceVersionDate "2023.03.31"]
[SourceQuality "1"]

1. c4 e6 2. Nc3 d5 3. d4 c6 4. e3 Nf6 5. Nf3 Be7 6. Ne5 Nbd7 7. f4 0-0 8. Be2 c5 9. 0-0 cxd4 10. exd4 Bb4 11. Bf3 Nb6 12. c5 Nbd7 13. Qd3 Bxc3 14. Qxc3 Nb8 15. Re1 Bd7 16. b4 a6 17. a4 Qc7 18. Bd2 Rc8 19. g4 Be8 20. g5 Nfd7 21. Qb2 Nxe5 22. fxe5 b6 23. Rec1 Qb7 24. Rc2 Nd7 25. Rac1 bxc5 26. bxc5 Qc6 27. Qa3 Nb8 28. Ra2 Qc7 29. Rb1 Ra7 30. Rab2 Nc6 31. Qc3 Ne7 32. Bd1 Nc6 33. Rb6 Rb8 34. Qb2 Raa8 35. Be2 Qc8 36. Bd3 Bd7 37. Be3 a5 38. Bd2 Nb4 39. Bxb4 Rxb6 40. cxb6 axb4 41. Qxb4 Rxa4 42. b7 Qb8 43. Qd6 1-0

[Event "GRE-ch U18 Girls"]
[Site "Kavala"]
[Date "2022.04.29"]
[Round "6"]
[White "Maniati, Konstantina"]
[Black "Tzovani, Dimitra"]
[Result "1/2-1/2"]
[WhiteElo "1141"]
[BlackElo "1343"]
[PlyCount "106"]
[EventDate "2022.04.26"]
[EventType "swiss"]
[EventRounds "9"]
[EventCountry "GRE"]
[SourceTitle "CBM 208 Extra"]
[Source "ChessBase"]
[SourceDate "2022.07.31"]
[SourceVersion "1"]
[SourceVersionDate "2022.07.31"]
[SourceQuality "1"]

1. e4 d5 2. exd5 Qxd5 3. Nc3 Qd6 4. d4 Nf6 5. h3 a6 6. Nf3 b5 7. a3 Bb7 8. Be2 Nbd7 9. Be3 e6 10. Qd2 c5 11. dxc5 Qxd2+ 12. Bxd2 Bxc5 13. 0-0 0-0 14. Rad1 h6 15. Bf4 Nd5 16. Nxd5 Bxd5 17. Ne5 Nxe5 18. Bxe5 Rfd8 19. Bd4 Rac8 20. Bxc5 Rxc5 21. Bd3 Rc7 22. b3 Rcd7 23. Be2 Kf8 24. c4 bxc4 25. bxc4 Bb7 26. Rxd7 Rxd7 27. Rc1 Rd2 28. Bf1 Ra2 29. Rc3 Ke7 30. g3 Ra1 31. f4 Kd6 32. Rd3+ Kc5 33. Kf2 a5 34. Be2 Ba6 35. Ke3 Rc1 36. Rd7 Rc3+ 37. Kf2 Rxa3 38. Rxf7 Ra2 39. Ke3 Ra3+ 40. Kf2 Rc3 41. Ra7 Kb6 42. Rxg7 a4 43. c5+ Ka5 44. Ra7 Rc2 45. Rxa6+ Kb4 46. c6 a3 47. Kf3 Rc3+ 48. Kg4 Kb3 49. Rb6+ Kc2 50. Bf3 a2 51. Be4+ Kc1 52. Ra6 Kb2 53. Rb6+ Kc1 1/2-1/2

[Event "GRE-ch U18 Girls"]
[Site "Kavala"]
[Date "2022.04.27"]
[Round "2"]
[White "Apostolidou, Eleni"]
[Black "Tzovani, Dimitra"]
[Result "1-0"]
[WhiteElo "1484"]
[BlackElo "1343"]
[PlyCount "63"]
[EventDate "2022.04.26"]
[EventType "swiss"]
[EventRounds "9"]
[EventCountry "GRE"]
[SourceTitle "CBM 208 Extra"]
[Source "ChessBase"]
[SourceDate "2022.07.31"]
[SourceVersion "1"]
[SourceVersionDate "2022.07.31"]
[SourceQuality "1"]

1. d4 Nf6 2. Nf3 g6 3. Bg5 Bg7 4. e3 0-0 5. Bd3 d6 6. Nbd2 Nbd7 7. c3 Re8 8. 0-0 c6 9. e4 Qc7 10. Re1 e5 11. dxe5 dxe5 12. Qe2 Nc5 13. Bc2 Ne6 14. Bb3 h6 15. Be3 Nf4 16. Bxf4 exf4 17. Qd3 Ng4 18. Rad1 Ne5 19. Nxe5 Qxe5 20. Nc4 Qe7 21. Nd6 Rd8 22. e5 Be6 23. Bxe6 Qxe6 24. Qe4 Qxa2 25. Qxf4 Rd7 26. c4 Bf8 27. e6 Bxd6 28. Rxd6 Rxd6 29. Qxf7+ Kh8 30. e7 Rdd8 31. exd8Q+ Rxd8 32. Qf6+ 1-0

[Event "Thessaloniki/Chalkidiki-chT"]
[Site "Thessaloniki/Chalkidiki"]
[Date "2019.01.27"]
[Round "3.7"]
[White "Tsivelekidou, Anthoula Elpida"]
[Black "Tzovani, Dimitra"]
[Result "1-0"]
[WhiteElo "1111"]
[BlackElo "1026"]
[PlyCount "57"]
[EventDate "2019.01.13"]
[EventType "team-tourn"]
[EventRounds "9"]
[EventCountry "GRE"]
[SourceTitle "EXT 2020"]
[Source "ChessBase"]
[SourceDate "2019.10.17"]
[SourceVersion "1"]
[SourceVersionDate "2019.10.17"]
[SourceQuality "1"]
[WhiteTeam "Galaxias"]
[BlackTeam "Kalamarias ES"]
[WhiteTeamCountry "GRE"]
[BlackTeamCountry "GRE"]

1. d4 d5 2. c4 e6 3. Nc3 Nf6 4. cxd5 exd5 5. Bg5 c6 6. e3 Be7 7. Qc2 Be6 8. Nf3 Nbd7 9. Bd3 Qc7 10. Rb1 a5 11. a3 h6 12. Bf4 Bd6 13. Bxd6 Qxd6 14. b4 axb4 15. axb4 Ke7 16. Na4 Rhb8 17. Nc5 Nxc5 18. bxc5 Qc7 19. 0-0 Nd7 20. Rb4 b5 21. cxb6 Rxb6 22. Rxb6 Qxb6 23. Rb1 Qc7 24. Rc1 Kd6 25. Qc3 f6 26. Qb4+ c5 27. dxc5+ Nxc5 28. Qf4+ Kc6 29. Rxc5+ 1-0